000 00234nam a2200121Ia 4500
100 _a#N/A
650 _aMangement
942 _cBK
654 _aexecutive
245 _aEffective executive
260 _b#N/A
_c2008
546 _aENGLISH
999 _c22535
_d22535